000 00879nam a2200241Ia 4500
003 OSt
005 20220926003337.0
006 a|||||r|||| 00| 0
007 ta
008 220923b |||||||| |||| 00| 0 eng d
020 _a9780198078944
_c637.5
037 _b888, 18/03/2014, Pranami Book Service
_cGeneral Book
040 _aRTL
_cRTL
_beng
041 _2eng
_aeng
082 _aY73(Q2):(Z).2.N56<-N41, Q2
100 _aSINHA Chitra
_9307190
245 0 _aDebating patriarchy
_b The Hindu code bill controversy in India (1941-1956)
260 _a New Delhi
_bOxford University Press
_c2012
300 _axxvii, 289p. Bibliography: P 259-79
_ccm.
500 _aBibliography chapterwise; Glossary: p 21-22
942 _hY73(Q2):(Z).2.N56<-N41, Q2
_cGB
_2CC
999 _c607580
_d607580